Statistiques concernant Culture Générale - Série 2356

Cliquez ici pour prendre le quiz!

Statistiques générales

  • Ce quiz a été pris 106 fois
  • Le résultat moyen est 5 sur 10

Statistiques - réponses

QuestionRéponse% Correct
Comment dit-on soixante-dix en Belgique ?septante
90%
Quel est le prénom de la chanteuse et actrice Jordana ? voir photoCamélia
68%
Quelle est la devise monétaire officielle de la Chine ?yuan
68%
Comment appelle-t-on un client des transports publics ?usager
63%
Dans quel pays européen se trouve la ville de Zadar ?Croatie
59%
Quel footballeur de l'AS Saint-Etienne puis du PSG était surnommé "L'ange vert" dans les années 1970 ? prénom et nomDominique Rocheteau
50%
Qui a réalisé en 2019 le film "J'accuse" tiré de" l'Affaire Dreyfus" ? prénom et nomRoman Polanski
47%
De quel pays est originaire le style musical appelé "ska" apparu fin des années 1950 ?Jamaïque
43%
Quelle est la devise monétaire officielle de la Corée du sud (et du nord) ?won
35%
Ce terme désigne une frêle et petite embarcation, un navire de fortune - 6 lettres finissant par " f "esquif
26%

Distribution des résultats

Percentile par nombre de réponses

% des personnes avec chaque résultat

Votre développement - résultats

Vous n’avez pas pris ce quiz